000 00960nas a2200301 4500
001 BR0100008
003 BR-BrBNA
005 20231205102005.0
007 ta
008 230509b bl.|||p| |||| 00| 00por d
040 _aBR-BrBNA
_bpor
_cBiblioteca Nacional de Agricultura
041 _a(Pt)
072 _aQ04
100 1 _aPereira, A.R.
100 1 _aOliveira, C.A.
100 1 _aMarques, D.C.
100 1 _aMachado, P.F.
100 1 _aSarries, G.A.
245 1 _aCorrelacao entre contagens de celulas somaticas determinadas no "Somacount 300" utilizando-se os detergentes RBS 35 e Extram MA 01 alcalino
650 _aLeite
650 _aCelula
650 _aDetergente
650 _aAnalise de Alimento
650 _aDesinfeccao
773 0 _tArquivo Brasileiro de Medicina Veterinaria e Zootecnia (Brazil)
_xISSN 0102-0935
_g(Jun 2000), v. 52(3) p. 218-219
_wBR0100008
909 _a202311
_bLúcia
_c55
_dLúcia Elande
942 _2AGRIS
_n0
_cANA
999 _c165129
_d165129